| 000 | 00611nam a2200229Ia 4500 | ||
|---|---|---|---|
| 005 | 20251020182524.0 | ||
| 008 | 200515s9999 xx 000 0 und d | ||
| 082 | _a691.328/CH23 | ||
| 100 | _aCHARON, Pierre | ||
| 245 | 0 | _aComo evitar los errores en los proyectos de hormigón armado | |
| 260 | _aBarcelona | ||
| 260 | _c1975 | ||
| 500 | _a1 ejemplar | ||
| 520 | _aProporciona los medios para evitar los errores en el cálculo del hormigón armado | ||
| 650 | _aANCLAJES | ||
| 650 | _aARMADURAS | ||
| 650 | _aCALCULO | ||
| 650 | _aCONCRETO | ||
| 650 | _aLIB | ||
| 650 | _aPROYECTOS | ||
| 942 | _cLIB | ||
| 999 |
_c1855 _d1855 |
||